| 000 | 00541nam a2200157Ia 4500 | ||
|---|---|---|---|
| 005 | 20250310070824.0 | ||
| 008 | 240331s9999 xx 000 0 und d | ||
| 020 | _a8187477644 | ||
| 082 |
_bSAI _24993 _a954 |
||
| 100 | _aSaid, E | ||
| 245 | 0 | _aPaniya Marukkum Panpadu | |
| 260 |
_aNagercoil, _bKalachuvadu Pathippagam _c2003 |
||
| 300 | _a136 p., | ||
| 500 | _aThe author's commitment to social justice, the rights of indigenous peoples, and his advocacy for the dignity of all human beings, regardless of caste or background. | ||
| 942 | _cL | ||
| 999 |
_c4237 _d4237 |
||